Tour d'Italie 2021-Classement général - Statistiques

Statistiques générales
  • Ce quiz a été pris 29 fois
  • Le résultat moyen est 11 sur 15
Statistiques - réponses
Rang Nationalité Équipe Nom Écart % Correct
1 Colombie Ineos Bernal 86h 17min 28s
100%
7 France DSM Bardet + 8min 05s
96%
3 Royaume-Uni BikeExchange Yates + 4min 15s
96%
2 Italie Bahrain Caruso + 1min 29s
89%
10 Irlande Israel-Start-Up Martin + 18 min 35s
89%
6 Portugal Deceuninck Almeida + 7min 24s
86%
4 Russie Astana Vlasov + 6min 40s
86%
11 Nouvelle-Zélande Jumbo-Visma Bennett + 25min 35s
79%
5 Colombie Ineos Martinez + 7min 24s
75%
14 Hongrie FDJ Valter + 45min 30s
75%
9 Norvège Jumbo-Visma Foss + 11min 44s
71%
8 Royaume-Uni EF Carthy + 8min 56s
61%
13 Espagne Bahrain Bilbao + 37min 58s
54%
15 Italie UAE Formolo + 47min 21s
54%
12 Pays-Bas Jumbo-Visma Bouwman + 30min 56s
32%
Aucun quiz correspondant
Distribution des résultats
% des personnes avec chaque résultat
Percentile par nombre de réponses
Votre historique - résultats
Vous n’avez pas pris ce quiz